01433nam a2200349 i 450000100060000000300090000600500170001500800390003201500170007104000280008808000120011608000160012810000240014424502600016825000600042826000670048830000380055533600270059333700540062033800280067438000170070250000490071965800310076865800370079965000160083665100110085265000100086365500170087370000420089071000530093285600980098513702KOSZ 00520200417142942.0070729s1970 pl a f 000 0 pol aPB 1970/4614 aWA NcWA NdKOSZ 005/RW a69(438) a351.82(438)1 aCzerny, Jan.eAutor10aMateriały szkoleniowe :bzbiór przepisów i norm wymaganych do egzaminów dla uzyskania stwierdzenia kwalifikacji majstra w budownictwie powszechnym.nT. 1,pPrzepisy i normy wspólne dla wszystkich grup robót /c[Jan Czerny, Edward Radziszewski]. aWydanie 2 wg stanu prawnego na dzień 31 marca 1967 r. aWarszawa :bCentralny Ośrodek Informacji Budownictwa,c1970. a321 stron :bilustracje ;c24 cm. aTekstbtxt2rdacontent aBez urządzenia pośredniczącegobn2rdamedia aWoluminbnc2rdacarrier aKsiążki. aNazwy autorów na odwrotnej kartce tytułu. aArchitektura i budownictwo aPrawo i wymiar sprawiedliwości 4aBudownictwo 4aPolska 4aPrawo 4aPodręcznik1 aRadziszewski, Edwardd(1923- )eAutor2 aCentralny Ośrodek Informacji Budownictwa4pbl. uhttp://koha.tu.koszalin.pl/cgi-bin/koha/opac-detail.pl?biblionumber=13702yKatalog online BPK